000 02257nam a2200289Ia 4500
999 _c55249
_d55249
001 22325
003 GE_BSU
005 20250731153228.0
008 181216s2018||||ge |||||||||||||| ||geo||
020 _a9789941277863
040 _cGE_BSU
041 _ageo
080 _a32+94(479.22) ს-32
100 _a
_925721
245 _aსაქართველოს რეგიონების ცხოვრება 1918-1921 წლებში /
_cავტორები: გიორგი არობელიძე, თეიმურაზ ბეჟანიძე, მარიამ გულიაშვილი [და სხვ.] ; სამეცნ. რედაქტორი ლელა გაფრინდაშვილი ; ტექსტის რედაქტორი ელზა ნაბახტეველი ; დიზაინერი მაკა ცომაია.
264 _aთბილისი :
_bსამოქალაქო აქტივიზმის კვლევის ცენტრი (CARC),
_c2018.
300 _a224 გვ. ;
_c20 სმ.
500 _aეძღვნება საქართველოს დემოკრატიული რესპუბლიკის ასი წლის იუბილეს
500 _a გამოცემა მომზადებულია პროექტის "ადგილობრივი დემოკრატია საქართველოში - 1918-1921 წლების გამოცდილება" ფარგლებში ფონდ "ღია საზოგადოება - საქართველოს ფინანსური მხარდაჭერით
541 _h6 ლ.
653 _aპოლიტიკა
653 _aსაქართველოს რეგიონების ცხოვრება 1918-1921 წლებში
700 _4გიორგი არობელიძე
_dავტორი
_925722
700 _4 თეიმურაზ ბეჟანიძე
_dავტორი
_925722
700 _4მარიამ გულიაშვილი
_dავტორი
_925722
942 _cBK
_2udc